000
00250nam a2200097Ia 4500
008
120527s9999 xx 000 0 und d
100
_a
HANGMANN, Jurgen
245
_a
Learning together through participatory extension
260
_b
Agritex
942
_c
BK
999
_c
25094
_d
25094